(Registro nro. 3192)

Detalles MARC
000 -CABECERA
campo de control de longitud fija 01009nam a22002657a 4500
003 - IDENTIFICADOR DEL NÚMERO DE CONTROL
campo de control AR-RoIUNI
005 - FECHA Y HORA DE LA ÚLTIMA TRANSACCIÓN
campo de control 20160901112931.0
007 - CAMPO FIJO DE DESCRIPCIÓN FÍSICA--INFORMACIÓN GENERAL
campo de control de longitud fija ta
008 - DATOS DE LONGITUD FIJA--INFORMACIÓN GENERAL
campo de control de longitud fija 160901s1969 ag |||||r|||| 00| 0 spa d
040 ## - FUENTE DE LA CATALOGACIÓN
Centro/agencia transcriptor
080 ## - NÚMERO DE LA CLASIFICACIÓN DECIMAL UNIVERSAL
Número de la Clasificación Decimal Universal 159.9:316
245 00 - MENCIÓN DE TÍTULO
Título Psicoanálisis, existencialismo, estructuralismo /
Mención de responsabilidad, etc. M. Merleau Ponty, ... [et al.]
260 ## - PUBLICACIÓN, DISTRIBUCIÓN, ETC. (PIE DE IMPRENTA)
Lugar de publicación, distribución, etc. [Buenos Aires] :
Nombre del editor, distribuidor, etc. Papiro,
Fecha de publicación, distribución, etc. impresión 1969.
300 ## - DESCRIPCIÓN FÍSICA
Extensión 116 p. ;
Dimensiones 21 cm.
490 0# - MENCIÓN DE SERIE
Mención de serie Biblioteca el pensamiento contemporáneo
505 0# - NOTA DE CONTENIDO CON FORMATO
Título El problema de la percepción del prójimo en el niño /
Mención de responsabilidad M. Merleau Ponty --
Título Fascinación de la conciencia por el yo /
Mención de responsabilidad Daniel Lagache --
Título Freud y Lacan /
Mención de responsabilidad Luis Althusser --
Título Nietzsche, Freud, Marx /
Mención de responsabilidad Michel Foucault.
650 #4 - PUNTO DE ACCESO ADICIONAL DE MATERIA--TÉRMINO DE MATERIA
Término de materia o nombre geográfico como elemento inicial PSICOLOGÍA
650 #4 - PUNTO DE ACCESO ADICIONAL DE MATERIA--TÉRMINO DE MATERIA
Término de materia o nombre geográfico como elemento inicial PSICOANÁLISIS
650 #4 - PUNTO DE ACCESO ADICIONAL DE MATERIA--TÉRMINO DE MATERIA
Término de materia o nombre geográfico como elemento inicial FILOSOFÍA
700 1# - PUNTO DE ACCESO ADICIONAL--NOMBRE DE PERSONA
Nombre de persona Merleau Ponty, Maurice,
Fechas asociadas al nombre 1908-1961.
700 1# - PUNTO DE ACCESO ADICIONAL--NOMBRE DE PERSONA
Nombre de persona Lagache, Daniel,
Fechas asociadas al nombre 1903-1972.
700 1# - PUNTO DE ACCESO ADICIONAL--NOMBRE DE PERSONA
Nombre de persona Althusser, Louis,
Fechas asociadas al nombre 1918-1990.
700 1# - PUNTO DE ACCESO ADICIONAL--NOMBRE DE PERSONA
Nombre de persona Foucault, Michel,
Fechas asociadas al nombre 1926-1984.
942 ## - ELEMENTOS DE PUNTO DE ACCESO ADICIONAL (KOHA)
Fuente del sistema de clasificación o colocación Clasificación Decimal Universal
Tipo de ítem Koha Libros
Existencias
Estado de retiro Estado de pérdida Fuente del sistema de clasificación o colocación Estado dañado Excepción de préstamo Código de colección Localización permanente Ubicación/localización actual Ubicación en estantería Fecha de adquisición Número de inventario Total de préstamos Signatura topográfica completa Código de barras Fecha visto por última vez Fecha del último préstamo Número de copia Precio válido a partir de Tipo de ítem Koha Nota pública
    Clasificación Decimal Universal     Psicología BIBLIOTECA RIOBAMBA BIBLIOTECA RIOBAMBA BIBLIOTECA RIOBAMBA 01/08/2016 3288 1 159.9:316 PSI 3288 25/10/2017 20/10/2017 1 01/09/2016 Libros Donación Pablo Zöpke